000 00360 a2200157 4500
999 _c12886
_d12886
003 OSt
005 20240801161952.0
008 240801b ||||| |||| 00| 0 eng d
020 _a9781784285784
082 _a741
100 _aSusie Hodge
245 _aDrawing is Easy: A step-by-step guide
260 _b Arcturus
_c2018
300 _a128p;
942 _2ddc